[Event "NOR-chT Eliteserien 2018-19"]
[Site "Norway"]
[Date "2018.11.04"]
[Round "3"]
[White "Kaasen, Tor Fredrik"]
[Black "Nordquelle, Daniel"]
[Result "0-1"]
[WhiteElo "2396"]
[BlackElo "2213"]
[Annotator "broadcasts"]
[PlyCount "76"]
[EventDate "2018.11.02"]
[EventType "team-tourn"]
[EventCountry "NOR"]
[TimeControl "40/5400+30:1800+30"]

1. d4 {[%emt 0:00:00]} d5 {[%emt 0:00:00]} 2. c4 {[%emt 0:00:00]} e6 {[%emt 0:00:00]} 3. Nf3 {[%emt 0:00:00]} Nf6 {[%emt 0:00:04]} 4. g3 {[%emt 0:00:05]} Bb4+ {[%emt 0:00:08]} 5. Nbd2 {[%emt 0:00:17]} dxc4 {[%emt 0:00:06]} 6. Bg2 {[%emt 0:00:47]} b5 {[%emt 0:00:10]} 7. O-O {[%emt 0:00:44]} O-O {[%emt 0:00:44]} 8. a4 {[%emt 0:02:08]} c6 {[%emt 0:00:08]} 9. Qc2 {[%emt 0:01:03]} a5 {[%emt 0:00:35]} 10. b3 {[%emt 0:01:40]} c3 {[%emt 0:08:36]} 11. Nb1 {[%emt 0:00:35]} bxa4 {[%emt 0:00:05]} 12. bxa4 {[%emt 0:01:28]} Ba6 {[%emt 0:00:16]} 13. Re1 {[%emt 0:00:42]} Nbd7 {[%emt 0:01:49]} 14. Nxc3 {[%emt 0:05:26]} c5 {[%emt 0:04:38]} 15. dxc5 {[%emt 0:11:40]} Rc8 {[%emt 0:03:12]} 16. Be3 {[%emt 0:00:46]} Nxc5 {[%emt 0:01:14]} 17. Red1 {[%emt 0:16:48]} Qe8 {[%emt 0:06:14]} 18. Nb5 {[%emt 0:21:13]} Nxa4 {[%emt 0:24:57]} 19. Qxa4 {[%emt 0:04:04]} Bxb5 {[%emt 0:02:04]} 20. Qa2 {[%emt 0:00:06]} Nd5 {[%emt 0:20:27]} 21. Bd4 {[%emt 0:07:22]} Nc3 {[%emt 0:02:24]} 22. Bxc3 {[%emt 0:00:28]} Bxc3 {[%emt 0:00:04]} 23. Rac1 {[%emt 0:01:01]} Bc4 {[%emt 0:00:26]} 24. Qc2 {[%emt 0:00:40]} Bf6 {[%emt 0:00:04]} 25. Nd4 {[%emt 0:04:54]} a4 {[%emt 0:05:08]} 26. Bc6 {[%emt 0:00:31]} Rxc6 {[%emt 0:00:05]} 27. Nxc6 {[%emt 0:00:06]} Bb3 {[%emt 0:00:04]} 28. Qc5 {[%emt 0:01:13]} Bxd1 {[%emt 0:00:11]} 29. Rxd1 {[%emt 0:00:12]} a3 {[%emt 0:00:08]} 30. Rd2 {[%emt 0:06:48]} Bb2 {[%emt 0:04:06]} 31. Qb6 {[%emt 0:03:35]} Qa8 {[%emt 0:03:40]} 32. Na7 {[%emt 0:00:16]} Rb8 {[%emt 0:00:39]} 33. Qa6 {[%emt 0:01:58]} Bd4 {[%emt 0:00:26]} 34. Qd3 {[%emt 0:02:52]} Bxa7 {[%emt 0:00:48]} 35. Ra2 {[%emt 0:00:34]} Bc5 {[%emt 0:00:18]} 36. Qc2 {[%emt 0:00:22]} Bf8 {[%emt 0:00:41]} 37. e4 {[%emt 0:00:22]} Qb7 {[%emt 0:00:15]} 38. h4 {[%emt 0:00:44]} Qb1+ {[%emt 0:00:08]} 0-1

[Event "NOR-chT Eliteserien 2018-19"]
[Site "Norway"]
[Date "2018.11.04"]
[Round "3"]
[White "Vestby-Ellingsen, Mads"]
[Black "Hauge, Lars Oskar"]
[Result "0-1"]
[WhiteElo "2385"]
[BlackElo "2449"]
[Annotator "broadcasts RC"]
[PlyCount "90"]
[EventDate "2018.11.02"]
[EventType "team-tourn"]
[EventCountry "NOR"]
[TimeControl "40/5400+30:1800+30"]

1. c4 {[%emt 0:00:00]} c5 {[%emt 0:00:40]} 2. Nc3 {[%emt 0:00:18]} Nc6 {[%emt 0:00:53]} 3. Nf3 {[%emt 0:03:13]} g6 {[%emt 0:01:02]} 4. g3 {[%emt 0:00:36]} Bg7 {[%emt 0:00:05]} 5. Bg2 {[%emt 0:00:15]} d6 {[%emt 0:00:03]} 6. O-O {[%emt 0:02:14]} Bf5 {[%emt 0:00:40]} 7. d3 {[%emt 0:04:02]} Qd7 {[%emt 0:00:28]} 8. a3 {[%emt 0:21:16]} Nf6 {[%emt 0:00:23]} 9. Rb1 {[%emt 0:01:20]} Bh3 {[%emt 0:03:27]} 10. b4 {[%emt 0:02:27]} Bxg2 {[%emt 0:06:17]} 11. Kxg2 {[%emt 0:00:10]} O-O {[%emt 0:00:31]} 12. Bd2 {[%emt 0:10:15]} e6 {[%emt 0:03:31]} 13. Qb3 {[%emt 0:10:52]} b6 {[%emt 0:00:18]} 14. e3 {[%emt 0:01:44]} h5 {[%emt 0:05:33]} 15. h4 {[%emt 0:02:35]} Rfd8 {[%emt 0:02:44]} 16. Rfc1 {[%emt 0:03:24]} Qb7 {[%emt 0:08:14]} 17. e4 {[%emt 0:05:35]} Ng4 {[%emt 0:04:37]} 18. Ne2 {[%emt 0:02:36]} Nge5 {[%emt 0:03:23]} 19. Ng5 {[%emt 0:03:33]} d5 {[%emt 0:06:03]} 20. cxd5 {[%emt 0:02:46]} exd5 {[%emt 0:01:56]} 21. exd5 {[%emt 0:03:51]} Ne7 {[%emt 0:00:10]} 22. bxc5 {[%emt 0:02:24]} Rxd5 {[%emt 0:00:41]} 23. c6 {[%emt 0:00:56]} N5xc6 {[%emt 0:00:12]} 24. Kg1 {[%emt 0:01:06]} Rad8 {[%emt 0:00:14]} 25. Bc3 {[%emt 0:04:51]} Qd7 {[%emt 0:13:12]} 26. Bxg7 {[%emt 0:01:09]} Kxg7 {[%emt 0:00:02]} 27. Qc3+ {[%emt 0:00:36]} f6 {[%emt 0:02:46]} 28. Ne4 {[%emt 0:02:08]} Rf5 {[%emt 0:01:54]} 29. Rd1 {[%emt 0:03:08]} Ne5 {[%emt 0:04:50]} 30. d4 {[%emt 0:01:04]} Nf3+ {[%emt 0:00:04]} 31. Kg2 {[%emt 0:00:17]} Qb7 {[%emt 0:00:10]} 32. Qe3 {[%emt 0:01:30]} Nd5 {[%emt 0:05:33]} 33. Qd3 {[%emt 0:00:03]} Re8 {[%emt 0:00:03]} 34. Kf1 {[%emt 0:02:26]} Qd7 {[%emt 0:10:49]} 35. Kg2 {[%emt 0:01:12]} Qe6 {[%emt 0:00:06]} 36. N4c3 {[%emt 0:00:43]} Qc6 {[%emt 0:03:40]} 37. Kh3 {[%emt 0:01:13]} Ng5+ {[%emt 0:01:54]} 38. hxg5 {[%emt 0:00:10]} Rxf2 {[%emt 0:00:05]} 39. gxf6+ {[%emt 0:00:57]} Nxf6 {[%emt 0:00:21]} 40. Rg1 {[%emt 0:00:00]} Qe6+ {[%emt 0:00:00]} 41. g4 {[%emt 0:03:46]} hxg4+ {[%emt 0:01:28]} 42. Kg3 {[%emt 0:00:47]} Rf3+ {[%emt 0:00:09]} 43. Qxf3 {[%emt 0:00:08]} gxf3 {[%emt 0:00:03]} 44. Kxf3 {[%emt 0:01:03]} Qe3+ {[%emt 0:00:10]} 45. Kg2 {[%emt 0:00:12]} Ne4 {[%emt 0:00:07]} 0-1

[Event "NOR-chT Eliteserien 2018-19"]
[Site "Norway"]
[Date "2018.11.04"]
[Round "3"]
[White "Mihajlov, Sebastian"]
[Black "Lund, Gunnar"]
[Result "0-1"]
[WhiteElo "2373"]
[BlackElo "2227"]
[Annotator "TA"]
[PlyCount "72"]
[EventDate "2018.11.02"]
[EventType "team-tourn"]
[EventCountry "NOR"]

{[%evp 19,72,-42,-48,-85,-19,-14,-12,-20,0,0,0,0,0,-46,-45,-61,-60,-73,-69,-164,-109,-109,-114,-114,-110,-143,-143,-150,-133,-198,-182,-468,-275,-262,-117,-128,-125,-125,-91,-193,-92,-212,-220,-199,-206,-204,-208,-229,-213,-406,-404,-391,-394,-1016,-988]} 1. d4 e6 2. e4 d5 3. Nd2 dxe4 4. Nxe4 Nd7 5. Nf3 Ngf6 6. Nxf6+ Nxf6 7. g3 b6 {C10: French with 3 Nc3: Unusual Black 3rd moves and 3...dxe4} 8. Ne5 (8. Bb5+ Bd7 9. Be2 Bc6 10. O-O Bd6 11. Ne5 Bxe5 12. dxe5 Qd5 13. Qxd5 Nxd5 14. Rd1 O-O-O 15. Bg5 {1-0 (43) Svidler,P (2753)-Meier,G (2628) Jerusalem 2018}) 8... Bb7 9. Bb5+ c6 10. Qf3 Rc8 {LiveBook: 3 Games} 11. O-O {[%cal Re5c6]} ({Not} 11. Bxc6+ $2 Rxc6 12. Nxc6 Qc7 $19) 11... Qc7 ({Black should try} 11... Qxd4 $17 12. Re1 Qd5 13. Qxd5 Nxd5) 12. Bd3 $11 Bd6 $146 ({Predecessor:} 12... Be7 13. Bf4 Bd6 14. Rfe1 O-O 15. Qe2 {1-0 (45) Winterberg,L (2311)-Haasler,A (2258) Germany 2016}) 13. Nc4 O-O 14. Nxd6 Qxd6 15. c3 Qd7 16. Qf4 c5 17. Qh4 cxd4 18. cxd4 {[#]} e5 $1 $40 {[%mdl 640] Black is up to no good.} 19. Be3 (19. Bg5 $1 $15 Qd5 20. f3) (19. dxe5 Qxd3) 19... e4 (19... h6 $19 {...Rfe8 is the strong threat.} 20. f3 Rfe8) 20. Bb1 $17 Rfe8 21. a3 Bd5 22. Bg5 Rc6 $1 23. Re1 h6 24. Bd2 (24. Be3 $17 {was called for.}) 24... Qf5 $19 25. f4 $2 (25. h3) 25... Rec8 (25... Qc8 $142 26. Be3 Ng4) 26. h3 Qd7 (26... h5 $1 $19 27. a4 Qd7) 27. g4 $17 Rc4 28. Be3 Bb7 29. Qf2 {[#]} (29. Qg3 $17 {is a better defense.}) 29... Ba8 (29... h5 $1 $19 {[%cal Rh5g4] and Black stays clearly on top.} 30. g5 Nd5 31. Bxe4 Qxh3) 30. Ba2 (30. Kh2 $17) 30... Rc2 $19 31. Re2 Rxe2 32. Qxe2 {[#]} Bd5 $1 {[%cal Ba8d5,Bd5c4,Bc4f1][%mdl 32]} 33. Bb1 Bc4 34. Qd2 $2 (34. Qg2 {was worth a try.}) 34... h5 35. g5 Nd5 36. Kh2 $2 (36. Bxe4 Qe6 37. Bg2 Qxe3+ 38. Qxe3 Nxe3 39. Bb7) 36... Bf1 {Accuracy: White = 33%, Black = 59%.} 0-1

[Event "NOR-chT Eliteserien 2018-19"]
[Site "Norway"]
[Date "2018.11.04"]
[Round "3"]
[White "Tryggestad, Andreas Garberg"]
[Black "Holm, Kristian Stuvik"]
[Result "1/2-1/2"]
[WhiteElo "2343"]
[BlackElo "2467"]
[Annotator "broadcasts RC"]
[PlyCount "89"]
[EventDate "2018.11.02"]
[EventType "team-tourn"]
[EventCountry "NOR"]
[TimeControl "40/5400+30:1800+30"]

1. d4 {[%emt 0:12:58]} Nf6 {[%emt 0:00:23]} 2. c4 {[%emt 0:00:03]} e6 {[%emt 0:00:07]} 3. Nf3 {[%emt 0:00:04]} d5 {[%emt 0:00:05]} 4. Nc3 {[%emt 0:00:03]} c6 {[%emt 0:00:08]} 5. g3 {[%emt 0:00:03]} dxc4 {[%emt 0:00:12]} 6. Bg2 {[%emt 0:00:04]} b5 {[%emt 0:00:05]} 7. Ne5 {[%emt 0:00:03]} a6 {[%emt 0:00:03]} 8. O-O {[%emt 0:00:05]} Bb7 {[%emt 0:00:24]} 9. e4 {[%emt 0:03:38]} Be7 {[%emt 0:02:15]} 10. b3 {[%emt 0:02:00]} cxb3 {[%emt 0:10:18]} 11. axb3 {[%emt 0:01:50]} O-O {[%emt 0:01:17]} 12. Be3 {[%emt 0:00:45]} Nbd7 {[%emt 0:02:13]} 13. Nd3 {[%emt 0:01:15]} a5 {[%emt 0:02:42]} 14. g4 {[%emt 0:03:18]} b4 {[%emt 0:05:09]} 15. Na4 {[%emt 0:02:25]} Ba6 {[%emt 0:00:10]} 16. g5 {[%emt 0:00:32]} Ne8 {[%emt 0:00:28]} 17. f4 {[%emt 0:01:26]} Nc7 {[%emt 0:11:32]} 18. Rf3 {[%emt 0:06:51]} c5 {[%emt 0:06:33]} 19. Rh3 {[%emt 0:00:53]} Bxd3 {[%emt 0:01:45]} 20. Qxd3 {[%emt 0:01:55]} cxd4 {[%emt 0:04:21]} 21. Bxd4 {[%emt 0:01:34]} e5 {[%emt 0:00:35]} 22. Bb2 {[%emt 0:02:32]} Ne6 {[%emt 0:04:17]} 23. Rd1 {[%emt 0:02:36]} Ra7 {[%emt 0:03:56]} 24. Rxh7 {[%emt 0:22:49]} Kxh7 {[%emt 0:09:42]} 25. Qh3+ {[%emt 0:00:11]} Kg8 {[%emt 0:00:11]} 26. g6 {[%emt 0:00:08]} Bh4 {[%emt 0:02:06]} 27. gxf7+ {[%emt 0:02:19]} Kxf7 {[%emt 0:00:58]} 28. Bxe5 {[%emt 0:05:11]} Bf6 {[%emt 0:11:05]} 29. Bd6 {[%emt 0:02:16]} Rh8 {[%emt 0:02:52]} 30. Qe3 {[%emt 0:00:51]} Ra6 {[%emt 0:04:53]} 31. e5 {[%emt 0:01:12]} Nxe5 {[%emt 0:07:36]} 32. fxe5 {[%emt 0:00:06]} Rxd6 {[%emt 0:00:17]} 33. exd6 {[%emt 0:08:12]} Rh4 {[%emt 0:00:12]} 34. Nc5 {[%emt 0:03:51]} Nxc5 {[%emt 0:03:52]} 35. Qxc5 {[%emt 0:00:02]} Kg6 {[%emt 0:04:05]} 36. d7 {[%emt 0:01:27]} a4 {[%emt 0:00:37]} 37. Qc2+ {[%emt 0:07:28]} Kh6 {[%emt 0:00:04]} 38. Qd2+ {[%emt 0:00:29]} Bg5 {[%emt 0:00:54]} 39. Qd6+ {[%emt 0:00:06]} Bf6 {[%emt 0:00:17]} 40. bxa4 {[%emt 0:05:17]} b3 {[%emt 0:00:02]} 41. Qd2+ {[%emt 0:12:09]} Bg5 {[%emt 0:00:26]} 42. Qd6+ {[%emt 0:06:25]} Bf6 {[%emt 0:00:02]} 43. Qd2+ {[%emt 0:00:15]} Bg5 {[%emt 0:00:03]} 44. Qd6+ {[%emt 0:03:33]} Bf6 {[%emt 0:00:03]} 45. Qd2+ {[%emt 0:00:04]} 1/2-1/2

[Event "NOR-chT Eliteserien 2018-19"]
[Site "Norway"]
[Date "2018.11.04"]
[Round "3"]
[White "Stokke, Kjetil"]
[Black "Skrondal, Inge Sandstad"]
[Result "1-0"]
[WhiteElo "2332"]
[BlackElo "2270"]
[Annotator "broadcasts RC"]
[PlyCount "71"]
[EventDate "2018.11.02"]
[EventType "team-tourn"]
[EventCountry "NOR"]
[TimeControl "40/5400+30:1800+30"]

1. e4 {[%emt 0:00:00]} c5 {[%emt 0:00:00]} 2. Nf3 {[%emt 0:00:00]} g6 {[%emt 0:00:00]} 3. d4 {[%emt 0:00:08]} cxd4 {[%emt 0:00:00]} 4. Qxd4 {[%emt 0:00:29]} Nf6 {[%emt 0:00:00]} 5. e5 {[%emt 0:00:16]} Nc6 {[%emt 0:00:00]} 6. Qf4 {[%emt 0:00:09]} Nd5 {[%emt 0:00:11]} 7. Qe4 {[%emt 0:00:06]} Nb6 {[%emt 0:00:36]} 8. Nc3 {[%emt 0:00:07]} d5 {[%emt 0:00:33]} 9. exd6 {[%emt 0:00:08]} Bf5 {[%emt 0:00:27]} 10. Qh4 {[%emt 0:01:40]} Bg7 {[%emt 0:36:39]} 11. dxe7 {[%emt 0:00:30]} Qxe7+ {[%emt 0:00:10]} 12. Qxe7+ {[%emt 0:00:11]} Nxe7 {[%emt 0:00:11]} 13. Bb5+ {[%emt 0:00:05]} Nc6 {[%emt 0:00:41]} 14. Be3 {[%emt 0:00:06]} O-O {[%emt 0:04:22]} 15. O-O-O {[%emt 0:08:23]} Bg4 {[%emt 0:11:56]} 16. Bxc6 {[%emt 0:06:03]} bxc6 {[%emt 0:00:05]} 17. Bd4 {[%emt 0:00:07]} Bxf3 {[%emt 0:05:18]} 18. gxf3 {[%emt 0:00:30]} Rfd8 {[%emt 0:03:26]} 19. Bxg7 {[%emt 0:00:24]} Kxg7 {[%emt 0:00:03]} 20. Rhe1 {[%emt 0:08:18]} Kf6 {[%emt 0:02:36]} 21. Ne4+ {[%emt 0:04:35]} Kf5 {[%emt 0:00:05]} 22. Nd6+ {[%emt 0:00:40]} Kf4 {[%emt 0:01:20]} 23. Re3 {[%emt 0:07:36]} Rd7 {[%emt 0:01:14]} 24. h4 {[%emt 0:02:58]} c5 {[%emt 0:00:26]} 25. b4 {[%emt 0:00:38]} Nc8 {[%emt 0:04:39]} 26. bxc5 {[%emt 0:05:09]} Nxd6 {[%emt 0:00:07]} 27. Rxd6 {[%emt 0:01:57]} Rxd6 {[%emt 0:00:20]} 28. cxd6 {[%emt 0:00:06]} Rd8 {[%emt 0:04:11]} 29. Rd3 {[%emt 0:00:51]} h5 {[%emt 0:04:18]} 30. c4 {[%emt 0:06:44]} g5 {[%emt 0:00:19]} 31. c5 {[%emt 0:00:33]} gxh4 {[%emt 0:00:38]} 32. c6 {[%emt 0:03:33]} h3 {[%emt 0:00:36]} 33. c7 {[%emt 0:00:05]} Rc8 {[%emt 0:01:24]} 34. Kb2 {[%emt 0:01:07]} h2 {[%emt 0:00:09]} 35. Rd1 {[%emt 0:00:10]} Ke5 {[%emt 0:00:09]} 36. d7 {[%emt 0:00:30]} 1-0

[Event "NOR-chT Eliteserien 2018-19"]
[Site "Norway"]
[Date "2018.11.04"]
[Round "3"]
[White "Storme, Isak"]
[Black "Mihajlov, Svetoslav"]
[Result "1-0"]
[WhiteElo "2319"]
[BlackElo "2155"]
[Annotator "TA"]
[PlyCount "105"]
[EventDate "2018.11.02"]
[EventType "team-tourn"]
[EventCountry "NOR"]

{[%evp 12,105,34,30,33,22,57,38,43,58,46,33,52,32,35,39,53,25,45,45,41,44,40,26,74,77,92,80,114,70,128,128,135,130,169,153,163,138,172,185,274,254,265,227,264,203,208,185,219,211,322,183,139,138,535,176,824,419,549,540,543,543,544,510,533,508,479,409,653,649,741,741,737,727,1151,1135,1400,1410,1364,1381,1309,1305,1353,1355,1270,930,1269,1255,1624,1359,2117,2086,1936,1909,1877,1520]} 1. e4 {[%cal Be2e4,Be4e5][%mdl 32]} c5 2. Nf3 a6 3. c3 Nf6 4. e5 Nd5 5. d4 cxd4 6. cxd4 d6 {B28: Sicilian: 2 Nf3 a6 (O'Kelly Variation)} 7. Bc4 {LiveBook: 8 Games} Nb6 8. Bb3 e6 {The position is equal.} 9. Bg5 Be7 10. Bxe7 Qxe7 11. Nc3 Nc6 12. O-O d5 13. Qd2 $146 ({Predecessor:} 13. Re1 Bd7 14. Ne2 {1-0 (32) Tseshkovsky,V (2525)-Mantsinov,B Elista 1994}) 13... Na5 14. Bc2 Nbc4 15. Qc1 $36 {[%mdl 2048] White is more active.} Bd7 16. a3 Rc8 17. b3 Nb6 18. Qd2 Nc6 19. Ne2 Na7 20. Ng3 h5 (20... f6 $14) 21. h4 $16 Nb5 22. Bd3 Bc6 23. a4 Na7 24. Rfc1 g6 25. Ne2 Kf8 (25... Bd7 $142 26. Nf4 Rxc1+ 27. Rxc1 Nc6 28. Bxg6 fxg6) 26. Nf4 $18 Kg7 27. Ng5 $1 {Threatens to win with Ngxe6+!} Rh6 28. Re1 Be8 {[#]} 29. Re3 $1 Nc6 {[#]} 30. Rg3 $1 Nd8 (30... Nd7 $142 31. Rc1 Nf8) 31. Rc1 (31. Be2 $142) 31... Rxc1+ 32. Qxc1 Qd7 $2 {[%mdl 8192]} (32... Nd7 $16 {is tougher.} 33. Qc7 Nc6) 33. Kh2 $2 ({Less strong is} 33. Qc5 Nc8 $16) (33. a5) 33... Nc8 $2 (33... Qe7 34. a5 Nd7) 34. Be2 Ne7 {[#]} 35. Nxh5+ $1 {[%mdl 512]} Rxh5 (35... gxh5 36. Nxe6+) 36. Bxh5 Nf5 37. Rc3 {Black must now prevent Rc7.} Nc6 38. Bg4 Nfxd4 39. Qf4 Qe7 (39... Nf5 $142 40. h5 Kg8 41. hxg6 fxg6) 40. h5 {White is clearly winning.} gxh5 41. Bxh5 {Strongly threatening Rg3.} Nf5 42. Rh3 Kg8 43. g4 Ng7 {[#]} 44. Bxf7+ $1 {[%mdl 512]} Bxf7 45. Nxf7 Qxf7 {[#]} 46. Rh8+ $1 {[%mdl 576] Deflection} Kxh8 47. Qxf7 Nxe5 48. Qf8+ Kh7 49. Kg3 Ng6 50. Qf7 b5 51. axb5 axb5 52. f4 Nh8 53. Qc7 {Accuracy: White = 70%, Black = 33%.} 1-0

[Event "NOR-chT Eliteserien 2018-19"]
[Site "Norway"]
[Date "2018.11.04"]
[Round "3"]
[White "Flermoen, Peter"]
[Black "Dahl, Trygve"]
[Result "0-1"]
[WhiteElo "2316"]
[BlackElo "2283"]
[Annotator "broadcasts RC"]
[PlyCount "112"]
[EventDate "2018.11.02"]
[EventType "team-tourn"]
[EventCountry "NOR"]
[TimeControl "40/5400+30:1800+30"]

1. e4 {[%emt 0:00:00]} c5 {[%emt 0:00:00]} 2. Nc3 {[%emt 0:00:00]} Nc6 {[%emt 0:00:00]} 3. g3 {[%emt 0:00:03]} g6 {[%emt 0:00:01]} 4. Bg2 {[%emt 0:00:09]} Bg7 {[%emt 0:00:05]} 5. d3 {[%emt 0:00:41]} d6 {[%emt 0:00:05]} 6. Nge2 {[%emt 0:00:40]} e5 {[%emt 0:00:10]} 7. O-O {[%emt 0:00:19]} Nge7 {[%emt 0:00:05]} 8. Be3 {[%emt 0:00:45]} O-O {[%emt 0:00:26]} 9. Qd2 {[%emt 0:02:44]} Nd4 {[%emt 0:01:24]} 10. f4 {[%emt 0:02:08]} Be6 {[%emt 0:01:18]} 11. Nd1 {[%emt 0:06:51]} Rc8 {[%emt 0:10:00]} 12. c3 {[%emt 0:02:00]} Nxe2+ {[%emt 0:03:46]} 13. Qxe2 {[%emt 0:00:13]} Qd7 {[%emt 0:00:38]} 14. Nf2 {[%emt 0:06:06]} b5 {[%emt 0:03:22]} 15. Qd2 {[%emt 0:11:39]} Rfd8 {[%emt 0:11:37]} 16. fxe5 {[%emt 0:22:27]} dxe5 {[%emt 0:02:30]} 17. Rfd1 {[%emt 0:00:32]} a5 {[%emt 0:10:03]} 18. Bh6 {[%emt 0:05:58]} Nc6 {[%emt 0:07:10]} 19. Bxg7 {[%emt 0:01:06]} Kxg7 {[%emt 0:00:06]} 20. Qe3 {[%emt 0:00:21]} Qe7 {[%emt 0:01:35]} 21. Bf3 {[%emt 0:02:56]} h5 {[%emt 0:06:55]} 22. h4 {[%emt 0:00:41]} Rd7 {[%emt 0:04:30]} 23. Kg2 {[%emt 0:01:57]} Rcd8 {[%emt 0:00:57]} 24. Be2 {[%emt 0:02:38]} b4 {[%emt 0:01:39]} 25. Rdc1 {[%emt 0:03:29]} bxc3 {[%emt 0:02:12]} 26. bxc3 {[%emt 0:00:16]} Rb7 {[%emt 0:00:46]} 27. Rc2 {[%emt 0:02:41]} Rdb8 {[%emt 0:00:15]} 28. Qc1 {[%emt 0:01:56]} a4 {[%emt 0:01:59]} 29. Nd1 {[%emt 0:02:04]} c4 {[%emt 0:02:14]} 30. Ne3 {[%emt 0:06:14]} Qc5 {[%emt 0:01:59]} 31. Nxc4 {[%emt 0:01:01]} Bxc4 {[%emt 0:00:49]} 32. dxc4 {[%emt 0:00:09]} Na5 {[%emt 0:00:28]} 33. Qd2 {[%emt 0:06:45]} Nxc4 {[%emt 0:15:53]} 34. Bxc4 {[%emt 0:00:15]} Qxc4 {[%emt 0:00:02]} 35. Qd5 {[%emt 0:00:32]} Qc7 {[%emt 0:00:52]} 36. Rd1 {[%emt 0:00:28]} Rb2 {[%emt 0:00:16]} 37. Rdd2 {[%emt 0:00:43]} a3 {[%emt 0:00:22]} 38. c4 {[%emt 0:02:42]} Rd8 {[%emt 0:05:11]} 39. Qxd8 {[%emt 0:01:32]} Qxd8 {[%emt 0:00:08]} 40. Rxd8 {[%emt 0:00:00]} Rxc2+ {[%emt 0:00:00]} 41. Kf3 {[%emt 0:01:30]} Rc3+ {[%emt 0:09:12]} 42. Ke2 {[%emt 0:03:06]} Rxc4 {[%emt 0:00:10]} 43. Kf3 {[%emt 0:12:32]} Rc3+ {[%emt 0:00:42]} 44. Kf2 {[%emt 0:00:17]} Rc2+ {[%emt 0:00:29]} 45. Kf3 {[%emt 0:00:27]} Rxa2 {[%emt 0:00:12]} 46. Ra8 {[%emt 0:00:22]} Ra1 {[%emt 0:00:35]} 47. Ra6 {[%emt 0:00:27]} a2 {[%emt 0:00:08]} 48. Kg2 {[%emt 0:00:09]} Kf8 {[%emt 0:01:34]} 49. Ra7 {[%emt 0:00:11]} Ke8 {[%emt 0:00:05]} 50. Ra8+ {[%emt 0:03:29]} Kd7 {[%emt 0:00:13]} 51. Ra7+ {[%emt 0:00:11]} Kc6 {[%emt 0:00:11]} 52. Ra6+ {[%emt 0:00:07]} Kc5 {[%emt 0:00:18]} 53. Ra5+ {[%emt 0:00:09]} Kd4 {[%emt 0:00:18]} 54. Ra4+ {[%emt 0:00:09]} Ke3 {[%emt 0:00:13]} 55. Kh2 {[%emt 0:00:10]} Rd1 {[%emt 0:00:10]} 56. Ra3+ {[%emt 0:00:22]} Rd3 {[%emt 0:00:06]} 0-1

[Event "NOR-chT Eliteserien 2018-19"]
[Site "Norway"]
[Date "2018.11.04"]
[Round "3"]
[White "Hole, Oystein"]
[Black "Bern, Ivar"]
[Result "0-1"]
[WhiteElo "2307"]
[BlackElo "2295"]
[Annotator "broadcasts RC"]
[PlyCount "70"]
[EventDate "2018.11.02"]
[EventType "team-tourn"]
[EventCountry "NOR"]
[TimeControl "40/5400+30:1800+30"]

1. Nf3 {[%emt 0:00:00]} c5 {[%emt 0:00:00]} 2. c4 {[%emt 0:00:00]} Nc6 {[%emt 0:00:00]} 3. Nc3 {[%emt 0:00:00]} e5 {[%emt 0:00:10]} 4. d3 {[%emt 0:00:09]} d6 {[%emt 0:01:19]} 5. g3 {[%emt 0:00:12]} g6 {[%emt 0:00:37]} 6. Bg2 {[%emt 0:00:10]} Bg7 {[%emt 0:00:07]} 7. O-O {[%emt 0:00:09]} Nge7 {[%emt 0:00:11]} 8. Rb1 {[%emt 0:03:16]} O-O {[%emt 0:00:30]} 9. Ne1 {[%emt 0:02:17]} Be6 {[%emt 0:10:36]} 10. Nd5 {[%emt 0:07:50]} Rb8 {[%emt 0:00:55]} 11. Nc2 {[%emt 0:05:46]} b5 {[%emt 0:05:11]} 12. b4 {[%emt 0:19:30]} bxc4 {[%emt 0:03:14]} 13. dxc4 {[%emt 0:00:16]} Nxb4 {[%emt 0:03:20]} 14. Ncxb4 {[%emt 0:01:16]} cxb4 {[%emt 0:00:10]} 15. Qa4 {[%emt 0:09:06]} a5 {[%emt 0:09:43]} 16. a3 {[%emt 0:02:16]} Nxd5 {[%emt 0:01:13]} 17. cxd5 {[%emt 0:09:56]} Bd7 {[%emt 0:02:34]} 18. Qc2 {[%emt 0:05:22]} Qb6 {[%emt 0:07:21]} 19. axb4 {[%emt 0:00:37]} axb4 {[%emt 0:00:14]} 20. Be3 {[%emt 0:00:09]} b3 {[%emt 0:02:41]} 21. Bxb6 {[%emt 0:07:22]} bxc2 {[%emt 0:03:28]} 22. Rb4 {[%emt 0:00:12]} Rfc8 {[%emt 0:06:00]} 23. Rc1 {[%emt 0:01:00]} f5 {[%emt 0:00:21]} 24. Ba5 {[%emt 0:04:06]} Ra8 {[%emt 0:03:11]} 25. Bb6 {[%emt 0:00:12]} e4 {[%emt 0:00:55]} 26. Be3 {[%emt 0:01:32]} Ra2 {[%emt 0:01:55]} 27. f3 {[%emt 0:04:45]} Rb2 {[%emt 0:02:29]} 28. Rxb2 {[%emt 0:01:42]} Bxb2 {[%emt 0:00:10]} 29. Kf2 {[%emt 0:00:15]} Rc3 {[%emt 0:08:39]} 30. fxe4 {[%emt 0:02:17]} Rxe3 {[%emt 0:00:29]} 31. Rxc2 {[%emt 0:00:12]} Bd4 {[%emt 0:00:17]} 32. Rc4 {[%emt 0:01:18]} Bb6 {[%emt 0:00:40]} 33. Kf1 {[%emt 0:01:02]} fxe4 {[%emt 0:03:26]} 34. Rxe4 {[%emt 0:00:58]} Rxe4 {[%emt 0:00:10]} 35. Bxe4 {[%emt 0:00:06]} Bh3+ {[%emt 0:00:10]} 0-1